| 000 | 00417nam a2200157Ia 4500 | ||
|---|---|---|---|
| 008 | 210210b1999 xxu||||| |||| 00| 0 eng d | ||
| 020 | _a0827384343 | ||
| 082 | _a576.15 COYS | ||
| 100 | _aCOYNE (Mark S). | ||
| 245 | _aSoil microbiology: an exploratory approach. | ||
| 260 |
_aLondon _bDelmar Publishers _c1999 |
||
| 300 | _axvii,462 | ||
| 650 | _aSoil Microbiology | ||
| 690 | _aMicrobiolog | ||
| 906 | _a05522 | ||
| 999 |
_c103141 _d103141 |
||